00930 2200313 4500001002100000005001500021035002000036007000300056008004100059020002200100040002200122082001700144084001900161090002200180100002800202245006100230250003000291300004500321650002800366850001200394504003300406264003200439336002100471337003000492338002300522999002200545700002700567990002200594INLIS00000000088231220231004114533 a0010-1023000094ta220317s2023 yoia g ind d a978-623-02-6565-5 aYOPDYOGbinderda04223a381.1072 a381.1072 SAN m aCB-D.11 2023-22580 aSati BudimanePengarang10aMetodologi riset pemasaran /cSanti Budiman, Tony Wijaya aCetakan pertama: Mei 2023 ax, 185 halaman :btabel, gambar ;c23 cm 4aPemasaran--xPenelitian aYOPDYOG aBibliografi: halaman 183-18431aSleman :bDeepublish,c2023 2rdacontentateks 2rdamediaatanpa perantara 2rdacarrieravolume aCB-D.11/2023-22580 aTony WijayaePengarang aCB-D.11/2023-2258